000 00282nam a22001337a 4500
020 _a978-93-82515-65-4
082 _a001
_bGOU/S
100 _aGOULD, WAYNE
245 _aSUDOKU
260 _aTHRISSUR
_bH & C PUBLISHING HOUSE
_c2012
300 _a64
520 _aSUDOKU
942 _cBK
999 _c6712
_d6712